00613nam a2200181Ia 4500008004100000020001500041041001200056082001600068100001800084245006000102260004900162300000800211650000700219700001300226942000700239999001500246952017000261221030s9999 xx 000 0 und d a8122406130 aEnglish a105.23bNag aI. J. Nagrath 0aControl Systems Engineeringcby I. J. Nagrath, M. Gopal bNew Age International Pub.aNew Delhic1999 a826 aEE aM. Gopal cBK c1099d1099 pBE 898g225.00l0o105.23 Nagr2024-06-13 00:00:00w2022-10-30yBK003Print4070aMIETLIBbMIETLIBcBL-Academic Block B, FL-1, CUP-32, SH-3, R-3d2000-02-0210HBE